Planning for and managing devices in the enterprise : (Record no. 101877)

MARC details
000 -LEADER
fixed length control field 00780nam a22002417a 4500
005 - DATE AND TIME OF LATEST TRANSACTION
control field 20160805160048.0
008 - FIXED-LENGTH DATA ELEMENTS--GENERAL INFORMATION
fixed length control field 160805b xxu||||| |||| 00| 0 eng d
010 ## - LCCN (DPL NO)
LC control number ENG-115652
020 ## - INTERNATIONAL STANDARD BOOK NUMBER
International Standard Book Number 9788120352421
Terms of availability 595.00
035 ## - SYSTEM CONTROL NUMBER
System control number EN-99184
037 ## - SOURCE OF ACQUISITION
Source of stock number/acquisition DBAD / PUB
082 ## - DEWEY DECIMAL CLASSIFICATION NUMBER
Classification number 005.71376
100 ## - MAIN ENTRY--PERSONAL NAME
Personal name Svidergol,Brian
245 ## - TITLE STATEMENT
Title Planning for and managing devices in the enterprise :
Statement of responsibility, etc by Svidergol,Brian Robert Clements [and] Charles Pluta
250 ## - EDITION STATEMENT
Edition statement 3rd ed.
260 ## - PUBLICATION, DISTRIBUTION, ETC. (IMPRINT)
Place of publication, distribution, etc Delhi
Name of publisher, distributor, etc PHI Learning
Date of publication, distribution, etc 2016
270 ## - ADDRESS
Address Rimjhim House111,Patparganj,Indurtial Estate
City Delhi
Postal code 110091
300 ## - PHYSICAL DESCRIPTION
Extent xii,329p.
Dimensions 24 cm (pbk)
500 ## - GENERAL NOTE
General note Includes index
700 ## - ADDED ENTRY--PERSONAL NAME
Personal name Clements,Robert
700 ## - ADDED ENTRY--PERSONAL NAME
Personal name Pluta,Charles
942 ## - ADDED ENTRY ELEMENTS (KOHA)
Source of classification or shelving scheme Dewey Decimal Classification
Item type English Books
Call number suffix SVI
Classification part 005.71376
Holdings
Withdrawn status Lost status Source of classification or shelving scheme Damaged status Not for loan Collection code Home library Current library Date acquired Source of acquisition Cost, normal purchase price Total Checkouts Full call number Barcode Date last seen Copy number Cost, replacement price Koha item type
    Dewey Decimal Classification   Not For Loan Non-fiction D.B.Act.Division D.B.Act.Division 05/08/2016 DBAD/PUB 595.00   005.71376 SVI EN-99184 05/08/2016 1 595.00 English Books

© Delhi Public Library
Hit Counter
free hit counter